Estatísticas para Os 15 principais países afetados pela Covid-19 - 22 de setembro 2021

Clique aqui para jogar o quiz

Estatísticas Gerais

  • Esse quiz foi jogado 7 vezes
  • A pontuação média é 15 de 26

Estatísticas das Respostas

país% Correto
Brasil
100%
Estados Unidos
100%
Alemanha
86%
Argentina
86%
Espanha
86%
França
86%
Índia
86%
Itália
86%
México
86%
Colômbia
71%
Reino Unido
71%
Chéquia
57%
Indonésia
57%
Rússia
57%
Suécia
57%
Eslovénia
43%
Irão
43%
Turquia
43%
Uruguai
43%
Israel
29%
Países Baixos
29%
Panamá
29%
Estônia
14%
Geórgia
14%
Lituânia
14%
Bahrein
0%

Distribuição das Pontuações

Percentil de Números Respondidos

Porcentagem de Pessoas com Cada Pontuação

Sua Pontuação Histórica

Você não jogou esse quiz